000
00242nam a22001097a 4500
082
_b
696 ENE'E
100
_a
ENERCON
_9
79554
245
_a
ENERGY CONSERVATION MANAGEMENT
260
_a
ISLAMABAD
_b
ENERCON
_c
1989
300
_a
B-20
942
_c
BK
999
_c
584579
_d
584579